Statistics for Short Scrabble Words Containing "J"

Click here to take the quiz!

General Stats

  • This quiz has been taken 247 times
    (238 since last reset)
  • The average score is 48 of 126

Answer Stats

Answer% Correct
jo
98%
jam
94%
jet
90%
job
90%
jar
89%
jab
86%
jag
84%
jay
84%
jog
84%
jig
81%
jus
81%
jot
81%
joy
79%
jaw
79%
jun
79%
jut
76%
just
76%
joe
76%
jib
75%
jin
73%
jug
70%
jee
70%
jow
66%
jack
66%
jets
64%
jobs
64%
jade
62%
jump
61%
jars
61%
jams
61%
jaws
60%
jigs
59%
jest
59%
jays
59%
jail
59%
jazz
59%
joke
58%
jags
57%
jabs
56%
joys
56%
jots
56%
jogs
54%
jugs
54%
juts
53%
jibs
53%
jane
51%
jows
51%
joes
51%
jins
51%
jees
49%
jeep
47%
john
45%
jock
43%
jill
43%
jury
41%
join
41%
jell
40%
jean
40%
jake
39%
jeu
39%
jeer
37%
jerk
37%
jive
36%
raj
36%
jape
34%
jowl
34%
junk
33%
jute
33%
ajar
32%
haj
30%
jilt
30%
jibe
28%
jolt
26%
juke
26%
jiff
26%
taj
25%
jole
23%
joey
23%
jess
23%
java
22%
jinx
22%
jinn
21%
joss
21%
josh
21%
jupe
19%
raja
16%
mojo
16%
jamb
16%
hajj
15%
jeez
15%
jete
13%
haji
13%
jeux
12%
jeed
12%
dojo
11%
djin
11%
jube
11%
juba
10%
jink
10%
juju
9%
jarl
9%
joky
8%
jota
8%
jura
8%
judo
7%
jimp
7%
jefe
6%
soja
5%
jato
5%
jauk
4%
jouk
4%
ajee
4%
puja
4%
fuji
4%
jiao
4%
hadj
4%
jaup
4%
jagg
4%
juga
3%
jibb
3%
jivy
3%
jehu
2%
jeon
2%
juco
1%
koji
1%
juku
1%

Score Distribution

Percentile by Number Answered

Percent of People with Each Score

Your Score History

You have not taken this quiz since the last reset